000 00455nam a2200157 a 4500
001 000040205
005 20201002034000.0
008 130815s1970 sp 000 0 spa d
040 _aDO-SdBNP
_bspa
_cBNPHU
100 1 _aJÜnger, Ernst
_966471
245 1 0 _aJuegos africanos /
_cJÜnger Ernst.
260 _aMadrid :
_bPunto Omega,
_c1970.
300 _a207 p. ;
_c19 cm.
490 1 _aUniversitaria de bolsillo
830 0 _aUniversitaria de bolsillo
_966472
999 _c39695
_d39695